El verdugo afable : novela, por R.J.Sender. Prologo de E.Naval.

Saved in:
Bibliographic Details
Main Author: Sender, Ramón J. (Ramón José), 1901-
Format: Book
Language:Spanish
Published: Mexico : M.Aguilar, 1970.
LEADER 00697nam a22001811 4500
001 c000201852
003 CARM
005 20021125001900.0
008 851113s1970 mx 1 spa d
019 1 |a 4122490  |5 LACONCORD2021 
035 |a (OCoLC)218590240  |5 LACONCORD2021 
100 1 |a Sender, Ramón J.  |q (Ramón José),  |d 1901- 
245 1 3 |a El verdugo afable :  |b novela, por R.J.Sender. Prologo de E.Naval. 
260 |a Mexico :  |b M.Aguilar,  |c 1970. 
852 8 |b CARM  |h A2:AL13A0  |i A03211  |p 0290158  |f BK 
082 0 4 |a 863.6 
999 f f |i 0e5b74a1-1069-5b76-9744-93bb7141dc39  |s b70d5ca9-e657-5c65-957e-989aab60a16f 
952 f f |p Can circulate  |a CAVAL  |b CAVAL  |c CAVAL  |d CARM 1 Store  |e A03211  |f A2:AL13A0  |h Other scheme  |i book  |m 0290158